| 000 | 00428nam a2200157Ia 4500 | ||
|---|---|---|---|
| 008 | 210716s2009 xx 000 0 und d | ||
| 020 | _a9788131726785 | ||
| 041 | _aeng | ||
| 082 | _a621.382 BATA | ||
| 100 | _aBateman, Andy. | ||
| 245 |
_aDigital communication: design for the real world. _bDesign for the real world. |
||
| 250 | _a1 | ||
| 260 |
_aNew Delhi _bPearson Education _c2009 |
||
| 300 | _axxv,221 | ||
| 650 | _aNone | ||
| 999 |
_c189999 _d189999 |
||